Southville International School and Colleges
Your cart is empty.
  • Cart
  • Lists
    Public lists Eva Luna New books Lux_list list_1
    Your lists Log in to create your own lists
  • Log in to your account
  • Your cookies
  • Search history
Southville International School and Colleges
  • Advanced search
  • Recent comments
  • Most popular
  • Libraries

Log in to your account

Log in with GOOGLE


If you do not have an external account, but do have a local account, you can still log in:

  1. Home
  2. MARC view: Disney princess CD storybook :
Normal view MARC view ISBD view

Disney princess CD storybook : (Record no. 113161)

[ view plain ]
MARC details
000 -LEADER
fixed length control field 00518nam a2200169 a 4500
001 - CONTROL NUMBER
control field 3748
005 - DATE AND TIME OF LATEST TRANSACTION
control field 20140414132005.0
008 - FIXED-LENGTH DATA ELEMENTS--GENERAL INFORMATION
fixed length control field 061010s19uu xx 00 eng d
020 ## - INTERNATIONAL STANDARD BOOK NUMBER
International Standard Book Number 1-8651-5754-6
050 ## - LIBRARY OF CONGRESS CALL NUMBER
Classification number TR
Item number D54 2004
245 ## - TITLE STATEMENT
Title Disney princess CD storybook :
Remainder of title includes 4 stories.
260 ## - PUBLICATION, DISTRIBUTION, ETC. (IMPRINT)
Place of publication, distribution, etc Dingley, VIC :
Name of publisher, distributor, etc Hinkler Books,
Date of publication, distribution, etc 2004.
300 ## - PHYSICAL DESCRIPTION
Extent 127 p. : ill. ; cm.
500 ## - GENERAL NOTE
General note includes CD--Beauty and the Beast--The Little Mermaid--Cinderella--Snow White
650 ## - SUBJECT ADDED ENTRY--TOPICAL TERM
Topical term or geographic name as entry element Fairy tales.
Holdings
Withdrawn status Lost status Damaged status Use restrictions Home library Current library Shelving location Date acquired Source of acquisition Total Checkouts Full call number Barcode Date last seen Price effective from Koha item type
        Munich Library Munich Library Teachers Reference Section 10/10/2006     TR D54 2004 M4666 04/14/2014 04/14/2014 Books

Disney princess CD storybook :

APA

(2004). Disney princess CD storybook. Dingley, VIC: Hinkler Books.

Chicago

2004. Disney princess CD storybook. Dingley, VIC: Hinkler Books.

Harvard

(2004). Disney princess CD storybook. Dingley, VIC: Hinkler Books.

MLA

Disney princess CD storybook. Dingley, VIC: Hinkler Books. 2004.

  • Place hold
  • Print
  • Cite
  • Add to your cart (remove)
  • Save record
    BIBTEX Dublin Core MARCXML MARC (non-Unicode/MARC-8) MARC (Unicode/UTF-8) MARC (Unicode/UTF-8, Standard) MODS (XML) RIS
  • More searches
    Search for this title in:
    Other Libraries (WorldCat) Other Databases (Google Scholar) Online Stores (Bookfinder.com) Open Library (openlibrary.org)

Exporting to Dublin Core...

SOUTHVILLE LIBRARY

Southville International School and Colleges Library

1281 Tropical Ave. Cor. Luxembourg St., BF Homes International, Las Pinas City

Tel. No. 8256374 / 252358 Loc. 117/146

Powered by Koha